[Event "II. CLANSKA LIGA ZAHOD 2012"]
[Site " Ljubljana"]
[Date "2012.10.21"]
[Round "4.4"]
[White "Rozic, Adrijan"]
[Black "Hasanagic, Alen"]
[Result "1-0"]
[WhiteElo "2100"]
[BlackElo "2124"]
[PlyCount "111"]
[EventDate "2012.10.21"]
[WhiteTeam "SK IG"]
[BlackTeam "SD JESENICE"]

1. d4 g6 2. Nf3 Bg7 3. e4 d6 4. c3 Nf6 5. Bd3 O-O 6. O-O Nc6 7. Re1 e5 8. dxe5
Nxe5 9. Nxe5 dxe5 10. Bg5 h6 11. Bh4 c6 12. Qc2 Re8 13. Nd2 Qc7 14. f3 Nh5 15.
Nc4 Be6 16. Ne3 Nf4 17. Bf1 Bf8 18. a4 Be7 19. Bf2 Red8 20. b4 a5 21. Rab1 b5
22. axb5 cxb5 23. bxa5 Rxa5 24. Rxb5 Ra2 25. Rb2 Rxb2 26. Qxb2 Nd3 27. Bxd3
Rxd3 28. c4 Bxc4 29. Rc1 Bg5 30. Nxc4 Bxc1 31. Qxc1 Qc6 32. Qc2 Rd8 33. Ne3 Qa6
34. g3 Qa1+ 35. Kg2 Rb8 36. Nd5 Kg7 37. Qc3 Qxc3 38. Nxc3 Rb2 39. g4 f5 40.
gxf5 gxf5 41. exf5 Kf6 42. Nd1 Rb4 43. Ne3 Ra4 44. Kh3 e4 45. f4 Ra2 46. Bh4+
Kf7 47. Ng4 h5 48. Ne5+ Kf8 49. f6 e3 50. Be1 Ra4 51. Kg3 h4+ 52. Kf3 e2 53.
Bxh4 Ra3+ 54. Kxe2 Ra2+ 55. Kf3 Rxh2 56. Bf2 1-0

[Event "II. CLANSKA LIGA ZAHOD 2012"]
[Site " Ljubljana"]
[Date "2012.10.21"]
[Round "4.5"]
[White "Hasanagic, Anel"]
[Black "Janzelj, Lara"]
[Result "1-0"]
[WhiteElo "2102"]
[BlackElo "1775"]
[PlyCount "87"]
[EventDate "2012.10.21"]
[WhiteTeam "SD JESENICE"]
[BlackTeam "SK IG"]

1. g3 Nf6 2. Bg2 d6 3. d3 Nbd7 4. f4 c6 5. Nf3 g6 6. e4 Bg7 7. O-O O-O 8. h3 e5
9. Nc3 Re8 10. Kh2 Nh5 11. f5 Nb6 12. Ne2 d5 13. g4 dxe4 14. dxe4 Qxd1 15. Rxd1
Nf6 16. Ng3 gxf5 17. exf5 Nfd5 18. Ne4 h5 19. b3 hxg4 20. hxg4 Nf6 21. Nxf6+
Bxf6 22. Bb2 Nd5 23. g5 e4 24. gxf6 exf3 25. Bxf3 Bxf5 26. Bxd5 cxd5 27. Rxd5
Bxc2 28. Rg1+ Bg6 29. Rg2 Rad8 30. Rdg5 Kh7 31. Ba3 Re4 32. Be7 Rd3 33. Rxg6
fxg6 34. f7 Rh4+ 35. Bxh4 Rf3 36. Rf2 Rxf2+ 37. Bxf2 Kg7 38. Bxa7 Kxf7 39. a4
Ke6 40. b4 Kd5 41. Kg3 Kc4 42. Bc5 b6 43. Bf8 Kb3 44. a5 1-0

[Event "II. CLANSKA LIGA ZAHOD 2012"]
[Site " Ljubljana"]
[Date "2012.10.21"]
[Round "4.6"]
[White "Jelen, Miha"]
[Black "Hrenic, Misa"]
[Result "1-0"]
[WhiteElo "1553"]
[BlackElo "2057"]
[PlyCount "40"]
[EventDate "2012.10.21"]
[WhiteTeam "SK IG"]
[BlackTeam "SD JESENICE"]

1. e4 e5 2. Nf3 Nc6 3. Nc3 Nf6 4. d4 exd4 5. Nxd4 Bb4 6. Nxc6 bxc6 7. Bd3 d6 8.
O-O Ng4 9. h3 Ne5 10. Bf4 Nxd3 11. Qxd3 O-O 12. Ne2 a5 13. Ng3 Qf6 14. a3 Ba6
15. c4 Bc5 16. Bc1 Rfd8 17. Bd2 d5 18. Bc3 Qg6 19. Rfd1 Bxc4 20. Qd2 Qxg3 1-0

[Event "II. CLANSKA LIGA ZAHOD 2012"]
[Site " Ljubljana"]
[Date "2012.10.21"]
[Round "4.1"]
[White "Bajzelj, Primoz"]
[Black "Solmajer, Luka"]
[Result "1-0"]
[WhiteElo "2049"]
[BlackElo "2048"]
[PlyCount "67"]
[EventDate "2012.10.21"]
[WhiteTeam "SD SIMP RADOVLJICA"]
[BlackTeam "SS KC DR. LOJZ KRAIGER LJUBLJANA"]

1. d4 d5 2. c4 c6 3. e3 Nf6 4. Nc3 e6 5. Nf3 Nbd7 6. Bd3 dxc4 7. Bxc4 b5 8. Bd3
Bb7 9. O-O a6 10. Qe2 c5 11. Rd1 Qb6 12. a3 Bd6 13. e4 cxd4 14. Nxb5 e5 15.
Nbxd4 exd4 16. e5 Nxe5 17. Nxe5 O-O 18. Ng4 Bc7 19. Nxf6+ Qxf6 20. Qg4 h6 21.
Bd2 Rfe8 22. Re1 Re5 23. Rxe5 Qxe5 24. f4 Qf6 25. Re1 a5 26. Qd7 Qd8 27. Qxd8+
Rxd8 28. Re7 Rc8 29. Bf5 Rb8 30. Rxc7 g6 31. Bd3 Bd5 32. b4 axb4 33. Bxb4 Be6
34. Rc6 1-0

[Event "II. CLANSKA LIGA ZAHOD 2012"]
[Site " Ljubljana"]
[Date "2012.10.21"]
[Round "4.2"]
[White "Persl, Bojan"]
[Black "Buha, Drago"]
[Result "1-0"]
[WhiteElo "2088"]
[BlackElo "2011"]
[PlyCount "101"]
[EventDate "2012.10.21"]
[WhiteTeam "SS KC DR. LOJZ KRAIGER LJUBLJANA"]
[BlackTeam "SD SIMP RADOVLJICA"]

1. e4 Nc6 2. Nf3 d5 3. exd5 Qxd5 4. Nc3 Qd8 5. Bb5 Bd7 6. d4 e6 7. O-O Nf6 8.
Qe2 Be7 9. Re1 Nb4 10. Bc4 c6 11. Bg5 O-O 12. Rad1 Nfd5 13. Ne4 h6 14. Bxe7
Nxe7 15. Ne5 b5 16. Bb3 Nbd5 17. Nc5 Be8 18. c3 Nf4 19. Qg4 Nfd5 20. Bc2 Nf6
21. Qf3 Ned5 22. b3 Rc8 23. c4 Ne7 24. g4 Nd7 25. Qd3 g6 26. Qe3 Kg7 27. Ne4
Ng8 28. Kh1 Ndf6 29. Nc5 Nd7 30. Ne4 Qe7 31. c5 Ndf6 32. Nd6 Rc7 33. f4 Nd5 34.
Qg3 Qf6 35. f5 Nge7 36. fxg6 fxg6 37. Nxe8+ Rxe8 38. Rf1 Kg8 39. Rxf6 Nxf6 40.
Nxg6 Nfd5 41. Qe5 Nxg6 42. Bxg6 Ree7 43. Rf1 Rc8 44. h4 Nc7 45. g5 Rg7 46. Rf6
hxg5 47. h5 Rd8 48. h6 Rgd7 49. h7+ Kg7 50. Rxe6+ Kh6 51. h8=Q+ 1-0

[Event "II. CLANSKA LIGA ZAHOD 2012"]
[Site " Ljubljana"]
[Date "2012.10.21"]
[Round "4.3"]
[White "Razinger, Igor"]
[Black "Sadikov, Aleksander"]
[Result "1/2-1/2"]
[WhiteElo "2031"]
[BlackElo "1988"]
[PlyCount "31"]
[EventDate "2012.10.21"]
[WhiteTeam "SD SIMP RADOVLJICA"]
[BlackTeam "SS KC DR. LOJZ KRAIGER LJUBLJANA"]

1. d4 d5 2. Nf3 Nf6 3. c4 e6 4. g3 dxc4 5. Bg2 c5 6. O-O Nc6 7. dxc5 Qxd1 8.
Rxd1 Bxc5 9. Nbd2 c3 10. bxc3 Bd7 11. Nb3 Be7 12. Bb2 Rc8 13. Rac1 O-O 14. c4
Rfd8 15. Ng5 h6 16. Ne4 1/2-1/2

[Event "II. CLANSKA LIGA ZAHOD 2012"]
[Site " Ljubljana"]
[Date "2012.10.21"]
[Round "4.4"]
[White "Kodela, Marko"]
[Black "Prestrl, Jozef"]
[Result "0-1"]
[WhiteElo "1983"]
[BlackElo "1955"]
[PlyCount "87"]
[EventDate "2012.10.21"]
[WhiteTeam "SS KC DR. LOJZ KRAIGER LJUBLJANA"]
[BlackTeam "SD SIMP RADOVLJICA"]

1. c4 Nf6 2. Nc3 c5 3. Nf3 Nc6 4. g3 g6 5. Bg2 Bg7 6. O-O O-O 7. d4 cxd4 8.
Nxd4 Qb6 9. Nc2 d6 10. b3 a6 11. Bb2 Qc7 12. Rc1 Be6 13. Nd5 Bxd5 14. cxd5 Na7
15. Ne3 Qd8 16. Qd2 Rc8 17. Nc4 b5 18. Na5 Qd7 19. Bd4 Rxc1 20. Rxc1 Ra8 21. b4
Ne8 22. Bb6 Nc8 23. Be3 Na7 24. Rc2 Kf8 25. Nb3 Qb7 26. Bd4 Bxd4 27. Qxd4 Kg8
28. Bh3 Rb8 29. Na5 Qb6 30. Qxb6 Rxb6 31. e4 Rb8 32. f3 Kg7 33. Bd7 Kf6 34. Kf2
Rd8 35. Bxe8 Rxe8 36. Rc7 Ra8 37. Ke3 Nc8 38. f4 h6 39. Kd4 Rb8 40. h3 g5 41.
Nc6 Ra8 42. e5+ dxe5+ 43. fxe5+ Kg6 44. Rxc8 0-1

[Event "II. CLANSKA LIGA ZAHOD 2012"]
[Site " Ljubljana"]
[Date "2012.10.21"]
[Round "4.5"]
[White "Torkar, Boris"]
[Black "Pajnhart, Tadej"]
[Result "1-0"]
[WhiteElo "1849"]
[BlackElo "1860"]
[PlyCount "119"]
[EventDate "2012.10.21"]
[WhiteTeam "SD SIMP RADOVLJICA"]
[BlackTeam "SS KC DR. LOJZ KRAIGER LJUBLJANA"]

1. d4 Nf6 2. c4 g6 3. Nc3 Bg7 4. e4 d6 5. Nf3 O-O 6. Bg5 Nc6 7. Be2 e5 8. dxe5
Nxe5 9. Nxe5 dxe5 10. Qxd8 Rxd8 11. Nd5 Rxd5 12. exd5 Bf5 13. Bxf6 Bxf6 14. g4
Bd7 15. Rc1 c6 16. O-O Be7 17. a3 a5 18. Bf3 Bc5 19. dxc6 Bxc6 20. Bxc6 bxc6
21. Rfd1 Rb8 22. Rc2 Bd4 23. c5 Kf8 24. Rb1 a4 25. Rc4 Rb5 26. Kf1 Ke7 27. Ke2
Ra5 28. b3 axb3 29. Rxb3 Bxc5 30. a4 Kd6 31. Rd3+ Bd4 32. Ra3 Ra7 33. Rc2 c5
34. Rca2 f5 35. gxf5 gxf5 36. a5 c4 37. a6 Kc7 38. Ra4 c3 39. f3 Kb8 40. Rb4+
Ka8 41. Rb7 Rxb7 42. axb7+ Kxb7 43. Kd3 Kc6 44. Ra6+ Kd5 45. Rh6 e4+ 46. fxe4+
fxe4+ 47. Kc2 Be3 48. Rxh7 Bd2 49. Re7 Kd4 50. h4 Bh6 51. Re6 Bg7 52. h5 Ke3
53. h6 Bd4 54. h7 Kf3 55. Rd6 Bc5 56. Re6 Bd4 57. Re7 e3 58. Kd3 Bg7 59. Rxe3+
Kf4 60. Re8 1-0

[Event "II. CLANSKA LIGA ZAHOD 2012"]
[Site " Ljubljana"]
[Date "2012.10.21"]
[Round "4.6"]
[White "Pecnik, Primoz"]
[Black "Pretnar, Bostjan"]
[Result "1/2-1/2"]
[WhiteElo "1818"]
[BlackElo "1677"]
[PlyCount "110"]
[EventDate "2012.10.21"]
[WhiteTeam "SS KC DR. LOJZ KRAIGER LJUBLJANA"]
[BlackTeam "SD SIMP RADOVLJICA"]

1. e4 c5 2. Nf3 Nc6 3. d4 cxd4 4. c3 dxc3 5. Nxc3 g6 6. Bc4 e6 7. O-O Bg7 8.
Nb5 Nge7 9. Nd6+ Kf8 10. Qe2 Ne5 11. Bb3 N7c6 12. Rd1 h6 13. Be3 Kg8 14. Rac1
Nxf3+ 15. Qxf3 Qf6 16. Qxf6 Bxf6 17. Nxc8 Rxc8 18. Rxd7 Bxb2 19. Rc2 Bf6 20.
Rxb7 Rb8 21. Rxb8+ Nxb8 22. Rc8+ Kh7 23. Rxh8+ Bxh8 24. Bxa7 Be5 25. h3 Nc6 26.
Bb6 Bc3 27. f3 Na5 28. Kf2 Kg8 29. Ke3 Kf8 30. Bc5+ Ke8 31. Ba4+ Kd8 32. Bd4
Bb4 33. Bf6+ Kc7 34. Be8 Nc4+ 35. Kd3 Nd6 36. Be5 g5 37. Bxd6+ Kxd6 38. Bxf7 e5
39. Kc4 Ba3 40. Kd3 Kc5 41. g3 Kd6 42. Ke2 Kc5 43. h4 Kd4 44. hxg5 hxg5 45. Kf2
Bc1 46. Kg2 Bd2 47. Kh3 Ke3 48. Kg4 Kd4 49. Kf5 Be1 50. Kxg5 Bxg3 51. a4 Kc5
52. Kf5 Kb6 53. Ke6 Ka5 54. Kd5 Bf4 55. Be8 Bg3 1/2-1/2

[Event "II. CLANSKA LIGA ZAHOD 2012"]
[Site " Ljubljana"]
[Date "2012.10.21"]
[Round "4.1"]
[White "Plenca, Julijan"]
[Black "Markoja, Sebastijan"]
[Result "1/2-1/2"]
[WhiteElo "2327"]
[BlackElo "2048"]
[PlyCount "186"]
[EventDate "2012.10.21"]
[WhiteTeam "MATRIKA ZVO - STARI TRG OB KOLPI"]
[BlackTeam "SK KOMENDA"]

1. e4 e5 2. Nf3 Nc6 3. Bc4 Nf6 4. d3 Be7 5. c3 O-O 6. Nbd2 d5 7. Bb5 Bd6 8. O-O
a6 9. Ba4 h6 10. Re1 dxe4 11. dxe4 b5 12. Bb3 Bc5 13. h3 Re8 14. a4 Rb8 15.
axb5 axb5 16. Qc2 Be6 17. Bxe6 Rxe6 18. b4 Bb6 19. Nb3 Nh5 20. Be3 Rg6 21. Bxb6
Rxb6 22. Qd1 Qc8 23. Nh4 Rg5 24. Re3 Ne7 25. Qf1 Kh7 26. Nd2 Nf4 27. Rg3 Rh5
28. Nhf3 Rg6 29. Nh2 Rhg5 30. Rxg5 Rxg5 31. g4 Rg6 32. Ndf3 Qe6 33. Nh4 Rf6 34.
N2f3 Qc6 35. g5 Re6 36. Kh2 Qxc3 37. gxh6 gxh6 38. Qg1 Neg6 39. Rc1 Qxb4 40.
Rxc7 Re7 41. Rxe7 Qxe7 42. Nf5 {(=)} Qb4 43. Qd1 Qxe4 44. Qd7 Qc4 45. Nd6 Qe6
46. Qxe6 Nxe6 47. Nxb5 f6 48. Nd6 Ne7 49. Ne4 Nd5 50. Kg3 Ng5 51. Nfxg5+ hxg5
52. h4 gxh4+ 53. Kxh4 Kg6 54. Kg3 f5 55. Nd6 Kf6 56. f3 Nf4 57. Nc4 Nd3 58. Kh4
Ke6 59. Kg5 Ne1 60. Nd2 Nc2 61. Kh4 Nd4 62. Kg3 Kd5 63. Kf2 Nb5 64. Nf1 Kd4 65.
Ne3 Nd6 66. Ke2 Kc3 67. Nd5+ Kc4 68. Ne3+ Kd4 69. Nc2+ Kc3 70. Ne3 f4 71. Nd5+
Kc2 72. Nb4+ Kc3 73. Nd5+ Kc4 74. Nf6 Nf5 75. Kf2 Kd3 76. Ng4 Kd4 77. Nf6 Ne3
78. Nd7 Nd1+ 79. Ke2 Nc3+ 80. Kf2 Nb1 81. Nf6 Nd2 82. Ke2 Nb3 83. Kf2 Nc5 84.
Ke2 Ne6 85. Kf2 Ng5 86. Ng4 Nf7 87. Nf6 Nd6 88. Nd7 Nf5 89. Nf6 Nh4 90. Nd7
Nxf3 91. Kxf3 e4+ 92. Kxf4 e3 93. Kf3 e2 1/2-1/2

[Event "II. CLANSKA LIGA ZAHOD 2012"]
[Site " Ljubljana"]
[Date "2012.10.21"]
[Round "4.2"]
[White "Kobold, Andrej"]
[Black "Juranic, Bruno"]
[Result "1/2-1/2"]
[WhiteElo "1890"]
[BlackElo "2189"]
[PlyCount "93"]
[EventDate "2012.10.21"]
[WhiteTeam "SK KOMENDA"]
[BlackTeam "MATRIKA ZVO - STARI TRG OB KOLPI"]

1. e4 c5 2. Nf3 a6 3. d4 cxd4 4. Nxd4 Nf6 5. Nc3 e5 6. Nf3 Bb4 7. Bd2 Qc7 8.
Bd3 O-O 9. O-O Nc6 10. a3 Bxc3 11. Bxc3 d6 12. h3 Be6 13. Ng5 h6 14. Nxe6 fxe6
15. f4 exf4 16. Rxf4 Ne5 17. Qe2 Nfd7 18. Raf1 Rxf4 19. Rxf4 Rf8 20. Rxf8+ Kxf8
21. Qf2+ Kg8 22. Qg3 b5 23. Bd4 Nc5 24. Bxe5 dxe5 25. Qe3 Qd6 26. Kf2 Qd4 27.
Qxd4 exd4 28. b4 Nd7 29. Ke1 Nb6 30. Kd2 e5 31. c3 dxc3+ 32. Kxc3 Kf7 33. h4
Kf6 34. Be2 g5 35. h5 g4 36. Bxg4 Kg5 37. Be6 Kxh5 38. g3 Kg5 39. Kd3 h5 40.
Ke3 h4 41. gxh4+ Kxh4 42. Bd5 Nd7 43. Bb7 Nb8 44. Kd3 Kg4 45. Ke3 Kg3 46. Bc8
Kg2 47. Bb7 1/2-1/2

[Event "II. CLANSKA LIGA ZAHOD 2012"]
[Site " Ljubljana"]
[Date "2012.10.21"]
[Round "4.3"]
[White "Kobe, Uros"]
[Black "Leonardi, Caterina"]
[Result "0-1"]
[WhiteElo "2192"]
[BlackElo "1868"]
[PlyCount "81"]
[EventDate "2012.10.21"]
[WhiteTeam "MATRIKA ZVO - STARI TRG OB KOLPI"]
[BlackTeam "SK KOMENDA"]

1. e4 e6 2. d4 d5 3. Nc3 dxe4 4. Nxe4 Bd7 5. Nf3 Bc6 6. Qd3 Nd7 7. Be2 Ngf6 8.
Ng3 Be7 9. O-O Bxf3 10. Bxf3 c6 11. Rd1 O-O 12. b3 Nb6 13. Bb2 Qc7 14. c4 Rad8
15. Qe3 c5 16. Rd3 cxd4 17. Bxd4 Nbd7 18. Rad1 e5 19. Nf5 Rfe8 20. Qg5 g6 21.
Bb2 Bf8 22. Nd6 Bxd6 23. Rxd6 Kg7 24. h4 h6 25. Qd2 Re7 26. g4 Ne8 27. Rd3 f6
28. Ba3 Rf7 29. Bd5 e4 30. Bxf7 exd3 31. Qxd3 Kxf7 32. Qd5+ Kg7 33. Be7 Rc8 34.
Qe6 Ne5 35. Rd5 b6 36. g5 hxg5 37. hxg5 Nf3+ 38. Kg2 Nxg5 39. Qg4 Nf7 40. Rd7
Qc6+ 41. f3 0-1

[Event "II. CLANSKA LIGA ZAHOD 2012"]
[Site " Ljubljana"]
[Date "2012.10.21"]
[Round "4.4"]
[White "Lucovnik, Tilen"]
[Black "Baric, Dusan"]
[Result "0-1"]
[WhiteElo "1883"]
[BlackElo "2051"]
[PlyCount "108"]
[EventDate "2012.10.21"]
[WhiteTeam "SK KOMENDA"]
[BlackTeam "MATRIKA ZVO - STARI TRG OB KOLPI"]

1. e4 c5 2. Nf3 d6 3. Bb5+ Bd7 4. Bxd7+ Nxd7 5. c4 Ngf6 6. Nc3 g6 7. O-O Bg7 8.
Qe2 O-O 9. Rd1 Ng4 10. d3 Nge5 11. Nxe5 Nxe5 12. f4 Nc6 13. Be3 a6 14. Rab1 Rb8
15. Qd2 b5 16. Ne2 Qa5 17. Qxa5 Nxa5 18. Bd2 Nc6 19. Bc3 a5 20. Bxg7 Kxg7 21.
Nc3 Nd4 22. cxb5 Nxb5 23. Nxb5 Rxb5 24. b3 Rfb8 25. Rdc1 a4 26. Rc3 Kf6 27. Kf2
Ke6 28. Ke3 d5 29. exd5+ Kxd5 30. Rbc1 axb3 31. axb3 R8b7 32. R1c2 Ra7 33. Kd2
Ra3 34. Rb2 h5 35. g3 h4 36. gxh4 Ra8 37. Rc4 Rh8 38. Kc3 e6 39. Ra2 f6 40. Rg2
Rh6 41. Ra4 Rb7 42. Ra6 Rxh4 43. Rxg6 Rxf4 44. Rh6 Rf1 45. Rh5+ f5 46. Rh6 Re7
47. h4 Re1 48. Kd2 Rh1 49. Ra4 Rg7 50. Rf4 Rg2+ 51. Ke3 Re1+ 52. Kf3 Ree2 53.
Ra4 e5 54. Rh5 Ref2+ 0-1

[Event "II. CLANSKA LIGA ZAHOD 2012"]
[Site " Ljubljana"]
[Date "2012.10.21"]
[Round "4.5"]
[White "Bedic, Slavko"]
[Black "Unuk, Laura"]
[Result "0-1"]
[WhiteElo "2000"]
[BlackElo "1948"]
[PlyCount "126"]
[EventDate "2012.10.21"]
[WhiteTeam "MATRIKA ZVO - STARI TRG OB KOLPI"]
[BlackTeam "SK KOMENDA"]

1. c4 Nf6 2. Nc3 g6 3. Nf3 Bg7 4. d4 O-O 5. g3 d6 6. Bg2 Nc6 7. e4 Bg4 8. h3
Bxf3 9. Bxf3 Nd7 10. Be3 e5 11. d5 Nd4 12. Bg2 c5 13. O-O f5 14. Qd2 Rf7 15. f4
a6 16. exf5 Nxf5 17. Bf2 exf4 18. gxf4 Nf6 19. Rac1 Bh6 20. Ne4 Nxe4 21. Bxe4
Ng7 22. Be3 Qd7 23. Rf3 Raf8 24. Rcf1 Nf5 25. Bxf5 Rxf5 26. Kg2 Qe7 27. Bg1 Qe4
28. Qd3 Qxd3 29. Rxd3 Bxf4 30. b3 b5 31. Rdf3 Kg7 32. Re1 Be5 33. Rxf5 Rxf5 34.
Be3 Bc3 35. Rc1 Bf6 36. Rc2 g5 37. Re2 h5 38. Bd2 Be5 39. Be1 bxc4 40. bxc4 Kf6
41. Bg3 g4 42. Bf2 Rf4 43. Rc2 Kf5 44. hxg4+ hxg4 45. Bg3 Re4 46. Rf2+ Bf4 47.
Bxf4 Rxf4 48. Re2 Re4 49. Rb2 Rxc4 50. Rb6 Ke5 51. Rxa6 Kxd5 52. Kg3 Rb4 53. a3
Rb3+ 54. Kxg4 c4 55. Kf4 Kc5 56. a4 d5 57. Ra8 Kb4 58. Ke5 Rd3 59. a5 Kb5 60.
Ra7 c3 61. a6 Kb6 62. Ra8 d4 63. Kd5 c2 0-1

[Event "II. CLANSKA LIGA ZAHOD 2012"]
[Site " Ljubljana"]
[Date "2012.10.21"]
[Round "4.6"]
[White "Vidic, Teja"]
[Black "Turkovic, Igor"]
[Result "1-0"]
[WhiteElo "1850"]
[BlackElo "1901"]
[PlyCount "60"]
[EventDate "2012.10.21"]
[WhiteTeam "SK KOMENDA"]
[BlackTeam "MATRIKA ZVO - STARI TRG OB KOLPI"]

1. e4 c5 2. Nf3 Nc6 3. d4 cxd4 4. Nxd4 Nf6 5. Nc3 e6 6. Ndb5 d6 7. Bf4 e5 8.
Bg5 a6 9. Na3 Be6 10. Nc4 Rc8 11. Nd5 Bxd5 12. Bxf6 gxf6 13. Qxd5 Qc7 14. c3
Rd8 15. Rd1 Na7 16. Be2 Nc8 17. Na5 Rd7 18. Bg4 Re7 19. Nc4 Rd7 20. Bxd7+ Qxd7
21. O-O Qc6 22. Ne3 Nb6 23. Qb3 Rg8 24. Nd5 Nxd5 25. Rxd5 f5 26. exf5 Rg5 27.
f4 exf4 28. Rxf4 Be7 29. Qc4 Qb6+ 30. Kf1 Kf8 1-0

[Event "II. CLANSKA LIGA ZAHOD 2012"]
[Site " Ljubljana"]
[Date "2012.10.21"]
[Round "5.1"]
[White "Markoja, Sebastijan"]
[Black "Biti, Ozren"]
[Result "1/2-1/2"]
[WhiteElo "2048"]
[BlackElo "2380"]
[PlyCount "51"]
[EventDate "2012.10.21"]
[WhiteTeam "SK KOMENDA"]
[BlackTeam "SD HIDRIA AET TOLMIN"]

1. e4 d6 2. d4 Nf6 3. Nc3 e5 4. Nf3 Nbd7 5. Bc4 Be7 6. O-O O-O 7. Re1 c6 8. a4
a5 9. b3 Nb6 10. Bf1 Nfd7 11. Bb2 Qc7 12. Ne2 exd4 13. Nfxd4 Bf6 14. c4 g6 15.
Ng3 Bg7 16. Qc2 Nc5 17. Rad1 Bg4 18. Be2 Bc8 19. Bf1 Re8 20. Ndf5 Bxf5 21. exf5
Nbd7 22. Bxg7 Kxg7 23. Qd2 Nf6 24. fxg6 hxg6 25. Nf5+ Kg8 26. Qh6 1/2-1/2

[Event "II. CLANSKA LIGA ZAHOD 2012"]
[Site " Ljubljana"]
[Date "2012.10.21"]
[Round "5.2"]
[White "Vandersmissen, Mathieu"]
[Black "Kobold, Andrej"]
[Result "1-0"]
[WhiteElo "2131"]
[BlackElo "1890"]
[PlyCount "43"]
[EventDate "2012.10.21"]
[WhiteTeam "SD HIDRIA AET TOLMIN"]
[BlackTeam "SK KOMENDA"]

1. e4 Nf6 2. e5 Nd5 3. d4 d6 4. Nf3 Bg4 5. Be2 c6 6. Ng5 Bxe2 7. Qxe2 h6 8. Ne4
e6 9. O-O b5 10. a4 bxa4 11. c4 Nb4 12. exd6 Bxd6 13. Nxd6+ Qxd6 14. Rxa4 a5
15. Rd1 O-O 16. Ra3 c5 17. Bxh6 e5 18. Bxg7 Kxg7 19. dxe5 Qg6 20. Rg3 N8c6 21.
Nc3 Nd4 22. Qe4 1-0

[Event "II. CLANSKA LIGA ZAHOD 2012"]
[Site " Ljubljana"]
[Date "2012.10.21"]
[Round "5.3"]
[White "Leonardi, Caterina"]
[Black "Raspor, Gregor"]
[Result "0-1"]
[WhiteElo "1868"]
[BlackElo "2114"]
[PlyCount "70"]
[EventDate "2012.10.21"]
[WhiteTeam "SK KOMENDA"]
[BlackTeam "SD HIDRIA AET TOLMIN"]

1. d4 Nf6 2. c4 e6 3. Nf3 b6 4. Nc3 Bb4 5. Bg5 Bb7 6. e3 h6 7. Bxf6 Bxc3+ 8.
bxc3 Qxf6 9. Be2 d6 10. O-O O-O 11. Nd2 Nd7 12. e4 e5 13. Bg4 Rfd8 14. Bxd7
Rxd7 15. d5 c6 16. Re1 Rc7 17. Re3 Rf8 18. Rf3 Qe7 19. Qb3 Bc8 20. h3 f5 21.
Re1 f4 22. Rd3 c5 23. Nf1 g5 24. Nh2 h5 25. Qd1 Qf7 26. Qe2 Qg6 27. g4 hxg4 28.
hxg4 Rh7 29. f3 Kf7 30. Rd2 Rfh8 31. Qd3 Rh3 32. Rg2 Qh7 33. Nf1 Qh4 34. Rc2
Rh1+ 35. Kg2 Qh2+ 0-1

[Event "II. CLANSKA LIGA ZAHOD 2012"]
[Site " Ljubljana"]
[Date "2012.10.21"]
[Round "5.4"]
[White "Ursic, Mateja"]
[Black "Lucovnik, Tilen"]
[Result "1/2-1/2"]
[WhiteElo "2071"]
[BlackElo "1883"]
[PlyCount "79"]
[EventDate "2012.10.21"]
[WhiteTeam "SD HIDRIA AET TOLMIN"]
[BlackTeam "SK KOMENDA"]

1. e4 c5 2. c3 d5 3. exd5 Qxd5 4. d4 Nf6 5. Nf3 e6 6. Be2 cxd4 7. cxd4 Nc6 8.
Nc3 Qd6 9. Nb5 Qd8 10. O-O Be7 11. Bf4 Nd5 12. Bg3 a6 13. Nc3 O-O 14. Rc1 Nf6
15. a3 Nh5 16. Qd3 Nxg3 17. hxg3 h6 18. Rfd1 Bd7 19. d5 exd5 20. Nxd5 Be6 21.
Qe4 Bxd5 22. Rxd5 Qb6 23. Bd3 g6 24. Rd7 Bf6 25. Bc4 Kg7 26. Qd5 Nd8 27. Bb3
Bxb2 28. Rcc7 Qf6 29. a4 Rb8 30. Re7 Ba3 31. Red7 Bb2 32. g4 g5 33. g3 Kg8 34.
Rd6 Ne6 35. Rxb7 Rxb7 36. Qxb7 a5 37. Qc6 Ba3 38. Rd7 Bb2 39. Ra7 Qc3 40. Qxc3
1/2-1/2

[Event "II. CLANSKA LIGA ZAHOD 2012"]
[Site " Ljubljana"]
[Date "2012.10.21"]
[Round "5.5"]
[White "Unuk, Laura"]
[Black "Anakiev, Dimitar"]
[Result "1-0"]
[WhiteElo "1948"]
[BlackElo "2046"]
[PlyCount "69"]
[EventDate "2012.10.21"]
[WhiteTeam "SK KOMENDA"]
[BlackTeam "SD HIDRIA AET TOLMIN"]

1. d4 Nf6 2. c4 g6 3. Nc3 Bg7 4. e4 d6 5. Nf3 O-O 6. Be2 Nc6 7. O-O e5 8. d5
Ne7 9. Ne1 Ne8 10. Be3 f5 11. f3 f4 12. Bf2 Nf6 13. b4 g5 14. c5 Rf7 15. Nd3
Bf8 16. Rc1 Ng6 17. Nb2 h5 18. Nc4 g4 19. cxd6 Bxd6 20. a3 g3 21. hxg3 fxg3 22.
Bxg3 h4 23. Bh2 Nh5 24. Qd2 Ngf4 25. Ne3 a5 26. Rb1 axb4 27. axb4 Ra3 28. Kf2
Ng3 29. Bxg3 hxg3+ 30. Ke1 Rh7 31. Kd1 Rh2 32. Rg1 Kg7 33. Kc2 Kf6 34. Nf1 Nxg2
35. Nxh2 1-0

[Event "II. CLANSKA LIGA ZAHOD 2012"]
[Site " Ljubljana"]
[Date "2012.10.21"]
[Round "5.6"]
[White "Hozjan, Erik"]
[Black "Vidic, Teja"]
[Result "1/2-1/2"]
[WhiteElo "1758"]
[BlackElo "1850"]
[PlyCount "66"]
[EventDate "2012.10.21"]
[WhiteTeam "SD HIDRIA AET TOLMIN"]
[BlackTeam "SK KOMENDA"]

1. e4 e5 2. Nf3 Nc6 3. Bc4 Nf6 4. Ng5 d5 5. exd5 Na5 6. Bb5+ c6 7. dxc6 bxc6 8.
Be2 h6 9. Nf3 e4 10. Ne5 Bc5 11. c3 Bd6 12. d4 exd3 13. Nxd3 Qc7 14. h3 O-O 15.
O-O Bf5 16. Qa4 Rfe8 17. Be3 Nd5 18. Nb4 Nxe3 19. fxe3 Bxh3 20. Bf3 Bd7 21. Nc2
Rab8 22. b3 c5 23. Qh4 Bg3 24. Qh1 Nc6 25. Nd2 Bf5 26. Bxc6 Qxc6 27. Rxf5 Qd7
28. Rf3 Qxd2 29. Rxg3 Qxc2 30. Qxh6 Qxc3 31. Rf1 Qe5 32. Qf4 Qxf4 33. Rxf4 Rbd8
1/2-1/2

[Event "II. CLANSKA LIGA ZAHOD 2012"]
[Site " Ljubljana"]
[Date "2012.10.21"]
[Round "5.1"]
[White "Solmajer, Luka"]
[Black "Plenca, Julijan"]
[Result "0-1"]
[WhiteElo "2048"]
[BlackElo "2327"]
[PlyCount "80"]
[EventDate "2012.10.21"]
[WhiteTeam "SS KC DR. LOJZ KRAIGER LJUBLJANA"]
[BlackTeam "MATRIKA ZVO - STARI TRG OB KOLPI"]

1. d4 Nf6 2. c4 g6 3. Nc3 d5 4. e3 Bg7 5. Nf3 O-O 6. Bd3 c5 7. Nxd5 Nxd5 8.
cxd5 cxd4 9. e4 e6 10. Bc4 Qa5+ 11. Bd2 Qb6 12. Qb3 Qxb3 13. Bxb3 exd5 14. Bxd5
Nc6 15. Rc1 Bg4 16. O-O Rac8 17. b4 Bxf3 18. gxf3 Ne5 19. Kg2 Nd3 20. Rxc8 Rxc8
21. Bb3 Be5 22. Rd1 b5 23. Bg5 Rc3 24. Bd2 Rc7 25. f4 Bxf4 26. Bxf4 Nxf4+ 27.
Kf3 g5 28. Rxd4 Kg7 29. h4 Kf6 30. hxg5+ Kxg5 31. e5 Rc3+ 32. Ke4 Rc7 33. Rd1
Nh3 34. f4+ Kg4 35. Rf1 Kg3 36. Rf3+ Kg2 37. Bd5 Rd7 38. Kd4 Rxd5+ 39. Kxd5
Kxf3 40. f5 Nf4+ 0-1

[Event "II. CLANSKA LIGA ZAHOD 2012"]
[Site " Ljubljana"]
[Date "2012.10.21"]
[Round "5.2"]
[White "Juranic, Bruno"]
[Black "Sadikov, Aleksander"]
[Result "0-1"]
[WhiteElo "2189"]
[BlackElo "1988"]
[PlyCount "66"]
[EventDate "2012.10.21"]
[WhiteTeam "MATRIKA ZVO - STARI TRG OB KOLPI"]
[BlackTeam "SS KC DR. LOJZ KRAIGER LJUBLJANA"]

1. e4 c5 2. Nc3 Nc6 3. f4 e6 4. Bc4 a6 5. a4 g6 6. Nf3 Bg7 7. f5 gxf5 8. d3
Nge7 9. O-O h6 10. Qe1 b6 11. Nh4 Bd4+ 12. Be3 Bb7 13. exf5 Qc7 14. f6 Nc8 15.
Nd5 Qe5 16. Bxd4 Qxd4+ 17. Kh1 Kd8 18. c3 Qe5 19. Nf4 Nd6 20. Qxe5 Nxe5 21. Ba2
Ng4 22. Nh5 Ne3 23. Rf4 Rg8 24. Rg1 Rg5 25. Ng3 Kc7 26. Nf3 Rg4 27. Ne2 Rag8
28. Rxg4 Nxg4 29. Rf1 Nf5 30. h3 Nge3 31. Rg1 Nxg2 32. Nf4 Bxf3 33. Nxg2 Ne3
0-1

[Event "II. CLANSKA LIGA ZAHOD 2012"]
[Site " Ljubljana"]
[Date "2012.10.21"]
[Round "5.3"]
[White "Kodela, Marko"]
[Black "Kobe, Uros"]
[Result "1-0"]
[WhiteElo "1983"]
[BlackElo "2192"]
[PlyCount "75"]
[EventDate "2012.10.21"]
[WhiteTeam "SS KC DR. LOJZ KRAIGER LJUBLJANA"]
[BlackTeam "MATRIKA ZVO - STARI TRG OB KOLPI"]

1. c4 Nf6 2. Nc3 d5 3. cxd5 Nxd5 4. g3 g6 5. Bg2 c6 6. d4 Bg7 7. e4 Nb6 8. Nge2
O-O 9. O-O e5 10. dxe5 Bxe5 11. Bh6 Qxd1 12. Rfxd1 Re8 13. Bf4 Bg7 14. b3 f5
15. Rac1 Na6 16. Nd4 Nc5 17. exf5 Bxd4 18. Rxd4 Bxf5 19. h3 Ne6 20. Rd2 Nxf4
21. gxf4 Re7 22. Rcd1 Rae8 23. Kh2 Nd7 24. Bf3 Nf6 25. Kg3 Kf7 26. Rd8 Rxd8 27.
Rxd8 Ne4+ 28. Bxe4 Bxe4 29. Rd2 Bf5 30. Nd1 Rd7 31. Rxd7+ Bxd7 32. Ne3 Be6 33.
h4 b5 34. Kf3 Bd5+ 35. Ke2 a5 36. Kd3 Kg7 37. f5 Kh6 38. Nxd5 1-0